The conscience of Europe

Bibliographic Details
Main Author: Vadíková, Katarína Mária, 1975- (Author)
Format: Article
Language:Slovak
ISSN:1335-0560
Subjects:

MARC

LEADER 00000nab a2200000 a 4500
001 vtls000800615
003 SK-MaSNL
005 20260304214305.0
008 250505c1999 xo 0 slo
015 |a SNBRB2002/09-28105 
035 |a CLN000152270 
035 |a urn:nbn:sk:snk-abo4t 
035 |a (urnnbn)urn:nbn:sk:snk:ar-a058gz 
035 |a (uuid)e05de40a-312b-41f1-8491-50ff3458b433 
040 |a SNKBUCL  |b slo  |c SNKBUCL  |e AACR2 
041 0 |a slo 
044 |a xo  |c SK 
080 |a 327(4):172.4(048)  |2 1997 
080 |a 172.4(4)(048)  |2 1997 
100 1 |a Vadíková, Katarína Mária,  |d 1975-  |4 aut  |9 204791 
245 1 4 |a The conscience of Europe  |c Katarína Glasová 
650 0 7 |a vojny  |2 snkbucl  |9 4454 
650 0 7 |a morálne svedomie  |2 snkbucl  |9 605403 
650 0 7 |a monografie  |2 snkbucl  |9 256509 
651 7 |a Európa  |2 snkbucl  |9 167569 
655 7 |a recenzie  |2 snkbucl  |9 21907 
773 0 |t Medicínska etika a bioetika  |g Roč. 6, č. 3-4 (1999), s. 18  |x 1335-0560 
787 0 8 |i Rec.:  |a Coleman, J.  |t Conscience of Europe  |d Strassbourg : Council of Europe Publishing, 1999 
850 |a Slovenská národná knižnica 
852 |a Slovenská národná knižnica 
954 |a odborná, vedecká literatúra pôvodná (slovenská)  |2 lita 
958 |a article27 
958 |a OND 
958 |a EUIPO 
999 |c 3140567  |d 3142497